LEADER 01327cam a22003134a 4500 001 000000118423 003 CaOOAMICUS 005 20091127133055.0 008 091127t2005 it a b 000 0 ita r 020 $a88-420-7829-8 040 $aPUL$bita$dReb 041 1 $aita$hfre 100 1 $aTrevor-Roper, Hugh Redwald,$d1914-2003.$0(OLS)http://pul/name/36814 240 10$aRenaissance essays$lItaliano.$0(OLS)http://pul/title/149031 245 13$aIl Rinascimento /$cHugh Trevor-Roper ; traduzione di Maria Luisa Bassi. 260 $aRoma :$bLaterza,$c©2005. 300 $avii, 311 p. ;$c21 cm. 490 1 $aEconomica Laterza ;$v378 504 $aBibliografia diffusa. 650 4$aStoria culturale$yRinascimento.$0(OLS)http://pul/subject/23150 650 4$aRinascimento.$0(OLS)http://pul/subject/5300 700 1 $aBassi, Maria Luisa.$0(OLS)http://pul/name/73961 830 0$aEconomica Laterza ;$v378.$0(OLS)http://pul/title/39309 850 $aPUL 852 $aPUL$W1$xSL Cons. Gen., Altre Classi 3$y75$m940. 21 TREHU 1$j135859$qDDC 21$q $B134851$CPULBib$Z2$F134851 $H111783 $81 941 1 $a9 996 $6020$a88-420-7829-8$9(OLS)http://pul/number/142574 996 $6245$aIl Rinascimento$9(OLS)http://pul/title/149030 996 $6260$aRoma :$bLaterza$9(OLS)http://pul/publisher/47864 LEADER 01094nam a2200289 u 4500 001 000000046790 003 CaOOAMICUS 005 20070226114819.0 008 990720s1997 it u000 u ita u 020 $a8871447719 035 $a10830290 040 $aPUL(R)$bita 100 1 $aLeone, Salvino.$0(OLS)http://pul/name/5948 245 13$aUn'etica per l'azienda sanitaria /$cSalvino Leone. 260 $a[Roma] :$bArmando Editore,$c[1997] 300 $a121 p. ;$c21 cm 490 1 $aCollectio bioethica ;$v14 504 $aBibliografia p. 119-120. 650 4$aBioetica.$0(OLS)http://pul/subject/2868 830 0$aCollectio bioethica ;$v14.$0(OLS)http://pul/title/63000 850 $aPUL 852 $aPUL$W1$xSL Religione 1$y3$m39 C 54$j62632$nBK-PRI$b $qStampati$B62632$CPULBib$Z2$F62632 $H $81 941 1 $a8 961 $aINV: 77899 996 $6020$a8871447719$9(OLS)http://pul/number/58333 996 $6245$aUn'etica per l'azienda sanitaria$9(OLS)http://pul/title/62999 996 $6260$a[Roma] :$bArmando Editore$9(OLS)http://pul/publisher/66659 LEADER 01226nam a2200289 a 4500 001 000000149472 003 CaOOAMICUS 005 20160217144802.0 008 160217s2015 it u000 u ita r 020 $a978-88-397-1661-3* 032 $aLibriCat 040 $aPUL$bita 082 0 $a282.092 100 1 $aViganò, Dario Edoardo,$csacerdote,$d1962-$0(OLS)http://pul/name/38000 245 10$aFedeltà è cambiamento : $bla svolta di Francesco raccontata da vicino /$cDario Edoardo Viganò. 260 $aRoma :$bRai-Eri,$c©2015. 300 $a213 p. ;$c22 cm. 504 $aBibliografia in nota. 600 04$aFranciscus PP.,$d1936-2025$xInsegnamenti.$0(OLS)http://pul/subject/39921 850 $aPUL 852 $aPUL$W1$xSL Religione 3$y85$m282. 092 FRANC 18$j172120$qDDC 21$B173743$CPULBib$Z2$F173743 $H127157 $81 941 1 $a9 996 $6020$a978-88-397-1661-3*$9(OLS)http://pul/number/159736 996 $6082$a282.092$9(OLS)http://pul/classification/402 996 $6245$aFedeltà è cambiamento : $bla svolta di Francesco raccontata da vicino$9(OLS)http://pul/title/188454 996 $6260$aRoma :$bRai-Eri$9(OLS)http://pul/publisher/66364